| 000 | 00396nam a2200145 4500 | ||
|---|---|---|---|
| 005 | 20260224115303.0 | ||
| 008 | 260224b |||||||| |||| 00| 0 eng d | ||
| 020 | _a0713126434 | ||
| 100 | _aBaron, Williams Michael Muir | ||
| 245 |
_aOrganization in Plants _c/W.M.M. Baron |
||
| 250 | _a3rd ed | ||
| 260 |
_aBritain; _bPitman Press, Bath; _c1979 |
||
| 300 |
_av,264p. ill; _c23cm |
||
| 942 |
_2lcc _n0 _cBK |
||
| 999 |
_c167 _d167 |
||